00273nam a2200109Ia 4500008004100000020001800041082001500059100001200074245005200086260000800138500001700146260604s9999 xx 000 0 und d a9781408855713 a823.91 ROW aROWLING 0aHARRY POTTER AND THE DEATHLY HALLOWS-NEW JACKET bBLY aHarry Potter